000
00394nam a2200145Ia 4500
008
230718s9999 xx 000 0 und d
041
_a
Eng.
082
_a
292
_b
الر-ا
100
_a
الرحمن پیر و غیر محبوب
245
0
_a
اسلام حیات لازمی
260
_a
Pakistan
_b
نظیم ایشی اردو بازار
_c
2009
300
_a
148
650
_a
Law
999
_c
26446
_d
26446